Sports Quiz

Random Sports or Tennis Quiz

Hexagon Hopping - Sports Quiz Stats

 Plays Quiz Updated Aug 24, 2018

Score 0/89 Timer 10:00
0 Plays Today
% Correct
T - In American Football, a score
by advancing the ball into end zone.
100%
Y - MLB team playing in New York
with this symbol on their caps
96.8%
Touchdown
96.8%
P - Rubber disc used in ice
hockey to score goals with
96.8%
Touchdown
96.8%
Touchdown
96.8%
M - American tennis player famous
for saying “You cannot be serious!”
96.5%
E - In Golf, the Ryder Cup is
played between teams from US and...
95.2%
Yankees
95.2%
Yankees
95.2%
H - In Boxing, the division for
fighters of more than 190 pounds
95.1%
Puck
95.1%
Puck
95.1%
W - American winner of 14 major golf
championships; real first name Eldrick
94.4%
L - A racing sled for one or two people that
is ridden with the rider or riders lying on their back
93.3%
Heavyweight
93.3%
Heavyweight
93.3%
O - In the UK, the Boat Race is an annual
rowing competition between Cambridge and...
93.1%
B - A winter sport combining
cross-country skiing and rifle shooting
91.9%
Europe
91.9%
Europe
91.9%
D - Tennis term for a score of 40-40
91.6%
R - In Snooker, the game starts with
fifteen of these colored balls on the table
91%
J - Former LA Lakers point guard, known as 'Magic'
90.9%
N - Wrestling hold in which an arm
is pinned behind the back, can be half or full
90.6%
Q - In American football, an offensive back
whose main job is to pass the ball in a play
90.5%
S - Conical shaped object hit
over the net in badminton
90.4%
Oxford
89.9%
Oxford
89.9%
G - Canadian former professional ice
hockey player; nicknamed “The Great One”
89.6%
% Correct
Deuce
89.6%
Deuce
89.6%
F - Sport based on swordsmanship;
uses an épée, foil or sabre
89.6%
I - Type of golf club; typically
having a shorter shaft and smaller clubhead
89.5%
A - In tennis, a point score without
the other player touching the ball
89.1%
Luge
89.1%
Quarterback
89.1%
Luge
89.1%
Quarterback
89.1%
V - Ball sport played by two teams over
a net; has indoor, grass and beach versions
88.9%
Johnson
88.7%
Johnson
88.7%
Fencing
88.7%
Fencing
88.7%
McEnroe
88.7%
McEnroe
88.7%
K - In boxing, a win after a punch
leaving your opponent unable to continue
88.5%
Volleyball
88.4%
Volleyball
88.4%
Woods
88.2%
Woods
88.2%
Shuttlecock
88.1%
Shuttlecock
88.1%
KO
88%
KO
88%
Ace
87.8%
Ace
87.8%
Iron
87.7%
Iron
87.7%
C - Name this kind of flag, used to
indicate the end of a Formula 1 race
87.6%
% Correct
Red
87.6%
Red
87.6%
Red
87.6%
Red
87.6%
Red
87.6%
Red
87.6%
Biathlon
87.3%
Biathlon
87.3%
Checkered
86.5%
Checkered
86.5%
Nelson
86.4%
Nelson
86.4%
Gretzky
84.4%
Gretzky
84.4%
Gretzky
84.4%
Gretzky
84.4%
Gretzky
84.4%
Gretzky
84.4%
Gretzky
84.4%
Gretzky
84.4%
Gretzky
84.4%
Gretzky
84.4%
Gretzky
84.4%
Gretzky
84.4%
Gretzky
84.4%
Gretzky
84.4%
Gretzky
84.4%
Gretzky
84.4%
Gretzky
84.4%

You're not logged in!

Compare scores with friends on all Sporcle quizzes.
OR
Log In

Sporcle TV

Today on Sporcle TV


Watch our educational content, quiz creation guides, and fun videos on Sporcle TV.

Show Comments

Extras

Top Quizzes Today


Score Distribution

Your Account Isn't Verified!

In order to create a playlist on Sporcle, you need to verify the email address you used during registration. Go to your Sporcle Settings to finish the process.

Report this User

Report this user for behavior that violates our Community Guidelines.

Details: